Animals by Picture - I - Statistics

General Stats
  • This quiz has been taken 61 times
  • The average score is 6 of 16
Answer Stats
Picture Answer % Correct
Iguana
96%
Indian Elephant
71%
Ibis
63%
Impala
60%
Ibex
58%
Inchworm
44%
Indian Rhinoceros
42%
Iberian Lynx
23%
Indian Star Tortoise
17%
Isopod
17%
Imperial Eagle
15%
Indri
15%
Ibisbill
12%
Indigo Snake
12%
Irrawaddy Dolphin
12%
I’iwi
10%
No matching quizzes found
Score Distribution
Percent of People with Each Score
Percentile by Number Answered
Your Score History
You have not taken this quiz